De Covadonga (contribución al XII centenario) / (Registro nro. 39463)

Detalles MARC
000 -LEADER
campo de control de longitud fija 01517nam a2200277 i 4500
001 - NÚMERO DE CONTROL
campo de control 39463
003 - IDENTIFICADOR DE NÚMERO DE CONTROL
campo de control ES-MaACL
005 - FECHA Y HORA DE LA ÚLTIMA TRANSACCIÓN
campo de control 20251014063105.0
007 - CAMPO FIJO DE DESCRIPCIÓN FÍSICA--INFORMACIÓN GENERAL
campo de control de longitud fija t|
008 - DATOS DE LONGITUD FIJA--INFORMACIÓN GENERAL
campo de control de longitud fija 030303s1918 sp f |||| | spa d
100 1# - ENTRADA PRINCIPAL--NOMBRE DE PERSONA
Nombre de persona Canella y Secades, Fermín,
Fechas asociadas al nombre 1849-1924
9 (RLIN) 34478
245 13 - MENCIÓN DEL TÍTULO
Título De Covadonga (contribución al XII centenario) /
Mención de responsabilidad, etc. Fermín Canella y Secades.
260 ## - PUBLICACIÓN, DISTRIBUCIÓN, ETC.
Lugar de publicación, distribución, etc. Madrid :
Nombre del editor, distribuidor, etc. [s.n.],
Fecha de publicación, distribución, etc. 1918 (
Fabricante Estab. Tip. de Jaime Ratés)
300 ## - DESCRIPCIÓN FÍSICA
Extensión 395 p., [17] h. de lám. ;
Dimensiones 21 cm.
500 ## - NOTA GENERAL
Nota general Incluye en p.[169]-196: Noticia de la antigüedad y situación del Santuario de Santa Maria de Cobadonga en el Principado de Asturias, con las del cronista Ambrosio de Morales en su viaje santo.
504 ## - NOTA DE BIBLIOGRAFÍA, ETC.
Nota de bibliografía, etc. Bibliografía: p. [287]-333.
530 ## - NOTA DISPONIBLE DE FORMULARIO FÍSICO ADICIONAL
Nota de formato físico adicional disponible Disponible en formato digital.
534 ## - NOTA SOBRE LA VERSIÓN ORIGINAL
Frase introductoria Reprod. de.
Mención de título del original Noticia de la antigüedad y situación del Santuario de Santa Maria de Cobadonga en el Principado de Asturias, con las del cronista Ambrosio de Morales en su viaje santo,
Publicación, distribución, etc. del original En Barcelona : por Francisco Suriá y Brugada, Imp. de la Real Junta Superior de Gobierno, [1778]
610 14 - PUNTO DE ACCESO ADICIONAL DE MATERIA--NOMBRE DE ENTIDAD CORPORATIVA
Nombre de entidad corporativa o nombre de jurisdicción como elemento de entrada Santuario de Nuestra Señora de Covadonga-
Subdivisión general Historia.
9 (RLIN) 134842
650 #4 - PUNTO DE ACCESO ADICIONAL DE MATERIA--TÉRMINO DE MATERIA
Término de materia o nombre geográfico como elemento de entrada Batalla de Covadonga, 718-
Subdivisión de forma Aniversarios y centenarios.
9 (RLIN) 170579
650 #4 - PUNTO DE ACCESO ADICIONAL DE MATERIA--TÉRMINO DE MATERIA
Término de materia o nombre geográfico como elemento de entrada Virgen de Covadonga.
9 (RLIN) 159010
852 ## - LOCALIZACIÓN
Ubicación ES-MaACL
Número de control de estantería F-1875
Ubicación en estantería Depósito 2
Nota libre Revisado enlace: 9 de julio de 2025
856 4# - LOCALIZACIÓN Y ACCESO ELECTRÓNICOS
Identificador Uniforme de Recursos <a href="http://bdh-rd.bne.es/viewer.vm?id=0000196628&page=1 ">http://bdh-rd.bne.es/viewer.vm?id=0000196628&page=1 </a>
Texto de enlace Biblioteca Digital Hispánica
942 ## - ELEMENTOS DE ENTRADA SECUNDARIOS (KOHA)
Fuente del sistema de clasificación o colocación Clasificación decimal universal
Existencias
Estatus retirado Estado de pérdida Estado de daño No para préstamo Colección Biblioteca de origen Biblioteca actual Ubicación en estantería Fecha de adquisición Fuente de adquisición Total de préstamos Signatura topográfica completa Código de barras Visto por última vez Precio de reemplazo Tipo de ítem Koha
        Colección digital Biblioteca del Ateneo de Madrid Biblioteca del Ateneo de Madrid Depósito 2 17/01/2008     F-1875 1041561 23/02/2023 23/02/2023 Libro impreso